| 000 | 00632nam a2200217 a 4500 | ||
|---|---|---|---|
| 001 | BRCA_6526 | ||
| 005 | 20190320205506.0 | ||
| 008 | 280911s1931----mx-#######---#000-0#spa-# | ||
| 041 | _aspa | ||
| 044 | _amx | ||
| 050 | 4 |
_aF1234 _b.C35 1931 |
|
| 100 | 1 |
_aCampobello, Nellie _d1900-1986 _916286 |
|
| 245 | 1 | 0 |
_aCartucho _brelatos de la lucha en el Norte de México _cNellie Campobello. |
| 260 |
_aMéxico _bIntegrales _c1931 |
||
| 300 |
_a143 p. _c19 cm. |
||
| 500 | _aEstado físico: Encuadernación desprendida | ||
| 500 | _aL67 | ||
| 651 | 4 |
_aMéxico _xHistoria _yRevolución, 1910-1917 _916287 |
|
| 902 | _aGFM | ||
| 942 |
_2lcc _cB |
||
| 999 |
_c6210 _d6210 |
||